LEADER 05269nam 22005773 450 001 9911069584703321 005 20250302090405.0 010 $a9791037038906 024 0 $ahttps://doi.org/10.3917/herm.arfao.2024.01 035 $a(CKB)32307910700041 035 $a(MiAaPQ)EBC31923769 035 $a(Au-PeEL)EBL31923769 035 $a(FR-PaCSA)88955798 035 $a(FRCYB88955798)88955798 035 $a(Perlego)4424769 035 $a(FRCAIRNINFO)FRCAIRNINFO-HERM_ARFAO_2024_01 035 $a(EXLCZ)9932307910700041 100 $a20250302d2024 uy 0 101 0 $afre 135 $aur||||||||||| 181 $ctxt$2rdacontent 182 $cc$2rdamedia 183 $acr$2rdacarrier 200 10$aPascal Quignard. Faire Résonner le Plus Ancien $eAvec un Texte inédit de Pascal Quignard : les Ruines de Carthage 205 $a1st ed. 210 1$aParis :$cHermann,$d2024. 210 4$d©2024. 215 $a1 online resource (264 pages) 225 0 $aHors collection 311 08$a9791037038890 327 $tIntroduction /$rSai?da Arfaoui --$tPascal Quignard. Les ruines de Carthage --$gPt. 1.$tVoix, images, myste?res : une nekuia --$tCassandre, la voix et les langues /$rDominique Rabate? --$tLa "cinquie?me saison" me?diterrane?enne de Pascal Quignard. Le roman et le romanesque /$rSai?da Arfaoui --$tAugustin l'Africain /$rMathieu Messager --$tPascal Quignard et Saint Augustin ou la rhe?torique de la confession /$rOumaima Ben Gamra --$tDeux peuples ve?ge?taux : la Rome antique et l'Ancien Japon /$rMidori Ogawa --$tDes livres faits a? plaisir : Pascal Quignard, exe?ge?te indirect d'Agustina Izquierdo /$rDominique Viart --$tSecrets et myste?res des fresques antiques : L'?uvre de Pascal Quignard ou l'expe?rience de la fascination /$rStella Spriet --$gPt. 2.$tLa mer et la cre?ation : une poe?tique amniotique et oce?anique --$t"Se jeter a? l'eau", me?taphore du geste cre?ateur dans l'?uvre de Pascal Quignard /$rIre?ne Fenoglio --$tPanthalassa ou le ressac de l'origine. Ite?rations et variations dans l'?uvre quignardienne /$rGilles Declercq --$tDe l'insularite? antique a? la pense?e du Jadis dans Dernier royaume de Pascal Quignard /$rMohamed Amine Kacem --$tPascal Quignard : la musique, la mer /$rJean-Louis Pautrot --$tMare Nostrum. Une lecture mythologique de L'Amour la mer, de Pascal Quignard /$rChantal Lapeyre --$tBoute?s, une mare?e litte?raire et la submersion du lecteur /$rIne?s Hamed --$tL'ode et l'onde : Ulysse et Boute?s chez Pascal Quignard /$rStefano Genetti. 330 $a"Comment faire re?sonner le plus ancien dans l'instant pre?sent? Comment faire re?sonner dans l'?uvre le silence des ruines, le rugissement des vagues, l'avant-langage, la pulsation originelle? Inaugure? par un texte ine?dit de l'auteur, Les ruines de Carthage, le pre?sent ouvrage tente de souligner une dynamique cre?atrice qui articule deux gestes oppose?s mais comple?mentaires dans la poe?tique (poe?t(h)ique) quignardienne : le premier est apparente? a? la nekuia (invoquer les morts), le second au saut dans l'inconnu (plonger dans l'origine). Le renouvellement constant qui se dessine dans l'?uvre multiforme de l'e?crivain-artiste invite a? interroger les implications existentielles, esthe?tiques et performatives de ce double mouvement qui la porte et dont elle fait son battement propre. Les textes ici re?unis sont, pour la plupart, issus du colloque "Pascal Quignard et la Me?diterrane?e, qui s'est tenu a? Carthage du 2 au 4 mars 2023, et ont e?te? revus pour la pre?sente publication. Ils sont organise?s selon deux axes. Le premier met l'accent sur les me?canismes de convocation de voix, d'ombres, d'images, de noms, d'?uvres, et sur l'alte?rite? intime du plus ancien a? laquelle cette convocation ouvre, entre fascination et de?sir. Le deuxie?me axe, privile?giant le rapport entre la mer et la cre?ation, analyse le mouvement d'une poe?tique amniotique et oce?anique mettant en tension le "sauter absolu" et l'errance pure, "sans chemin", comme une me?me me?taphore du geste cre?ateur toujours renouvele?. Avec les contributions de : Sai?da Arfaoui, Oumaima Ben Gamra, Gilles Declercq, Ire?ne Fenoglio, Stefano Genetti, Ine?s Hamed, Mohamed Amine Kacem, Chantal Lapeyre, Mathieu Messager, Midori Ogawa, Jean-Louis Pautrot, Pascal Quignard, Dominique Rabate?, Stella Spriet, Dominique Viart."--$cBack cover. 606 $aDeath in literature$vCongresses 606 $aExistentialism in literature$vCongresses 606 $aSea poetry$xHistory and criticism$vCongresses 608 $aConference papers and proceedings.$2lcgft 615 0$aDeath in literature 615 0$aExistentialism in literature 615 0$aSea poetry$xHistory and criticism 700 $aARFAOUI$b Saïda$01326054 701 2$aQuignard$b Pascal$0443126 702 $aArfaoui$b Sai?da$f1972- 702 $aQuignard$b Pascal 712 12$aPascal Quignard et la Me?diterrane?e (Conference)$f(2023 :$eQart?a?jannah, Tunisia) 801 0$bMiAaPQ 801 1$bMiAaPQ 801 2$bMiAaPQ 906 $aBOOK 912 $a9911069584703321 996 $aPascal Quignard. Faire Résonner le Plus Ancien$94552556 997 $aUNINA